[Event "3rd GRENKE Chess Open 2018"]
[Site "Karlsruhe"]
[Date "2018.04.02"]
[Round "9"]
[White "Lagarde, Maxime"]
[Black "Beerdsen, Thomas"]
[Result "1-0"]
[WhiteElo "2587"]
[BlackElo "2447"]
[Annotator "TA"]
[PlyCount "105"]
[EventDate "2018.??.??"]
[EventType "swiss"]
[EventCountry "GER"]
[SourceTitle "playchess.com"]
[Source "ChessBase"]
[SourceQuality "1"]

{[%evp 13,105,22,24,24,22,17,20,16,32,18,17,20,24,11,28,33,42,45,47,51,54,39,45,43,62,51,59,46,43,42,49,53,50,47,51,54,122,25,36,0,15,-20,0,0,8,-20,0,0,59,0,92,19,6,14,25,8,11,4,4,4,4,7,56,60,123,128,261,263,310,307,557,535,599,584,551,483,444,342,342,343,337,329,357,349,344,333,272,250,460,453,739,716,739,739]} 1. d4 e6 2. e4 d5 3. exd5 exd5 4. Nf3 Nf6 5. Bd3 Be7 6. h3 O-O 7. O-O Nbd7 {[%cal Bb8d7,Bd7f8,Bf8e6][%mdl 32] LiveBook: 21 Games} 8. Bf4 {C01: French: Exchange Variation} (8. Re1 Re8 9. Bf4 c6 10. c3 Bf8 11. Nbd2 g6 12. Qc2 a5 13. a4 Bg7 14. Nf1 Nf8 15. Rxe8 Nxe8 {½-½ (41) Ivanov,A (2513)-Kamsky,G (2706) ICC INT 2014}) 8... Re8 9. Nc3 {Black must now prevent Nb5.} a6 10. Re1 $146 {The position is equal.} ({Predecessor:} 10. Ne2 Nf8 11. Re1 c6 12. Ng3 Be6 13. Nf5 Ng6 14. Nxe7+ Qxe7 {1-0 (38) Krasowski,S (2012)-Oleniak,W (1849) Police 2013}) 10... Nf8 11. Qd2 Ne6 12. Be5 c6 13. Re2 Bd6 14. Rae1 Bxe5 15. Rxe5 Bd7 16. Ne2 c5 17. Ng3 cxd4 18. Bf5 Nc7 19. Nxd4 g6 20. Bd3 Rxe5 21. Rxe5 Ne6 22. Nxe6 Bxe6 23. Qf4 Nd7 24. Re3 Nc5 {[#]} (24... Rc8 $14) 25. Qd4 ({White should play} 25. Nh5 $1 $16 {[%mdl 512] White threatens Qh6 and mate.} Nd7 (25... gxh5 26. Qh6) 26. Qd4) 25... Rc8 $11 26. h4 h5 27. Qf4 Bg4 28. Re5 Ne6 (28... Qxh4 $2 {[#]} 29. Nxh5 $1 {[%mdl 512]} Nxd3 30. cxd3 $16) 29. Qe3 {Hoping for f3.} d4 30. Qe1 {Threatens to win with f3.} Ng7 (30... Nf4 $11) 31. f3 (31. Ne4 $14) 31... Bd7 (31... Be6 $11 {remains equal.}) 32. Qe4 ({White should try} 32. Rd5 $16) 32... Bc6 33. Qf4 $36 {[%mdl 2048] White fights for an advantage.} Qd6 34. Ne4 Bxe4 $1 35. Qxe4 Ne6 36. b4 Rc6 37. a3 Qd8 38. g3 Qf6 (38... Ng7 $14) 39. f4 $16 Rc3 (39... Ng7 $16 {was worth a try.}) 40. f5 $18 (40. Qxb7 Ng7 $18) 40... gxf5 41. Rxf5 Qh6 $2 (41... Qg7 42. Kg2 (42. Qxb7 Qxg3+ 43. Qg2 Qxg2+ 44. Kxg2 Rxa3 $14) 42... Rc6 43. Rxh5 Rc3) 42. Qxb7 Rc7 43. Qa8+ Kg7 44. Qf3 Qe3+ 45. Qxe3 dxe3 {[%mdl 4096] Endgame KRB-KRN} 46. Rd5 (46. Rxh5 $6 Nd4 $18) 46... Rc3 47. a4 ({Don't do} 47. Rxh5 Rxa3 48. Ra5 Rc3 $18) ({Not} 47. Bxa6 Rxc2 48. Kf1 (48. Rxh5 $2 Nd4 $19) 48... Ra2 $18) 47... f5 48. Rxf5 Nd4 49. Rxh5 Ra3 50. Kg2 ({Much less strong is} 50. Bxa6 $6 Rxa4 51. Bd3 Ra1+ 52. Kg2 e2 $16) 50... Ra1 $2 (50... Rxa4 {was necessary.} 51. Re5 Rxb4 52. Rxe3 a5 53. Re7+ Kf6) 51. Re5 {White is clearly winning.} Re1 (51... Rxa4 $142 52. Rxe3 Rxb4) 52. Re4 e2 53. c3 {Precision: White = 60%, Black = 37%.} 1-0

[Event "3rd GRENKE Chess Open 2018"]
[Site "Karlsruhe"]
[Date "2018.04.02"]
[Round "9"]
[White "Heimann, Andreas"]
[Black "Fedorovsky, Michael"]
[Result "1/2-1/2"]
[WhiteElo "2574"]
[BlackElo "2471"]
[Annotator "TA"]
[PlyCount "67"]
[EventDate "2018.??.??"]
[EventType "swiss"]
[EventCountry "GER"]
[SourceTitle "playchess.com"]
[Source "ChessBase"]
[SourceQuality "1"]

{[%evp 21,67,23,29,32,40,32,52,42,45,41,43,50,44,56,49,56,54,56,52,42,46,37,19,12,19,5,5,5,1,4,17,8,6,0,0,0,0,0,0,0,0,0,0,0,0,0,0,0]} 1. e4 c5 2. Nf3 d6 3. d4 cxd4 4. Nxd4 Nf6 5. f3 e5 6. Nb3 d5 7. Bg5 Be6 8. Bxf6 gxf6 9. exd5 Qxd5 10. Qxd5 Bxd5 11. Nc3 Be6 $1 12. O-O-O {B55: Sicilian: 2...d6 3 d4 cxd4 4 Nxd4 Nf6 5 f3} (12. Nb5 Kd8 13. O-O-O+ Kc8 14. Nc3 Nd7 15. Nd5 h5 16. Bb5 Bxd5 17. Bxd7+ Kxd7 18. Rxd5+ Ke6 19. Rhd1 h4 20. Kb1 Rg8 21. c4 Rxg2 22. Nd4+ Ke7 23. f4 Rxh2 24. Nf5+ Ke6 25. Nd4+ Ke7 26. Nf5+ Ke6 {½-½ (26) Nabaty,T (2690)-Sjugirov,S (2652) Batumi 2018}) 12... Nc6 13. Bb5 a6 14. Bxc6+ $1 {White is slightly better.} bxc6 15. Ne4 f5 16. Nd6+ Bxd6 $146 ({Predecessor:} 16... Ke7 17. Na5 Kf6 18. Nxc6 Rg8 19. g3 a5 {1-0 (50) Yildiz,B (2318)-Annaberdiev,M (2432) Cesme 2015}) 17. Rxd6 Rg8 18. g3 Bxb3 19. cxb3 $14 {[%mdl 4096] Endgame KRR-KRR} Rg6 20. Rhd1 Ra7 21. Kc2 Ke7 22. R6d2 {The position is equal.} Rb7 23. Kc3 a5 24. Rd8 Rh6 25. R1d2 Rxh2 26. Rxh2 Kxd8 27. Rxh7 $11 {KR-KR} Ke7 28. Rh6 Rb8 29. Rxc6 Rg8 30. b4 axb4+ 31. Kxb4 Rxg3 32. Rc3 e4 33. fxe4 Rxc3 34. Kxc3 {Precision: White = 76%, Black = 93%.} 1/2-1/2

[Event "3rd GRENKE Chess Open 2018"]
[Site "Karlsruhe"]
[Date "2018.04.02"]
[Round "9"]
[White "Heberla, Bartlomiej"]
[Black "Carow, Johannes"]
[Result "1/2-1/2"]
[WhiteElo "2570"]
[BlackElo "2437"]
[Annotator "TA"]
[PlyCount "92"]
[EventDate "2018.??.??"]
[EventType "swiss"]
[EventCountry "GER"]
[SourceTitle "playchess.com"]
[Source "ChessBase"]
[SourceQuality "1"]

{[%evp 21,92,25,34,35,36,25,37,37,40,33,33,27,35,35,44,41,31,31,39,41,64,41,26,50,35,8,20,16,19,15,21,7,10,14,27,20,45,9,9,6,6,4,2,0,0,0,0,-6,26,0,36,12,53,0,0,0,0,0,0,-24,-22,-26,-14,-23,-24,-25,-20,-52,0,-34,0,-29,0]} 1. e4 c6 2. d4 d5 3. exd5 cxd5 4. Bd3 Nc6 5. c3 Qc7 6. Ne2 Bg4 7. O-O {B13: Caro-Kann: Exchange Variation and Panov-Botvinnik Attack} e6 8. Qe1 Bxe2 9. Qxe2 Bd6 10. g3 Nf6 11. Nd2 O-O {LiveBook: 5 Games} 12. Nf3 a6 $146 ({Predecessor:} 12... Rfe8 13. Bg5 Nd7 14. Rad1 a6 {1-0 (40) Jumabayev,R (2620)-Annaberdiev,M (2485) Warsaw 2017}) 13. Bg5 Nd7 14. Rad1 b5 15. Rfe1 Rfe8 16. Bb1 Rac8 17. Qd3 Nf8 18. Kg2 b4 19. c4 dxc4 20. Qxc4 Qa5 21. Qe2 h6 22. Bc1 Ne7 23. Ne5 Bxe5 24. dxe5 Red8 25. Rxd8 Rxd8 26. h4 {[%cal Bh2h4,Bh4h5][%mdl 32]} Nf5 27. h5 Qd5+ 28. Qe4 Qb5 29. Bf4 a5 30. Rc1 g5 $132 {[%mdl 2048] Black has counterplay} 31. hxg6 $1 Nxg6 32. Re1 Kg7 33. Bc1 Rd5 34. b3 Kg8 ({Reject} 34... Nxe5 35. Bb2 $14 (35. g4 Nh4+ 36. Kg3 Neg6 $11)) 35. Bb2 Kg7 36. Qe2 Qd7 {[#] aiming for ...Rd2.} 37. Bxf5 (37. Qc4 $14 Kg8 38. Qg4) 37... Rd2 $11 38. Qf3 Rxb2 39. Rd1 Nxe5 40. Rxd7 (40. Qf4 {looks sharper.} Qxd1 41. Qxe5+ Kf8 42. Qxb2 Qd5+ 43. Kg1) 40... Nxf3 41. Bxe6 {[%mdl 4096] Endgame KRB-KRN} Ng5 (41... Ne5 {with more complications.} 42. Ra7 Rxa2 43. Kf1 Rd2 44. Rxa5 Nd3) 42. Bc4 Rxa2 43. Ra7 Kg6 44. Ra6+ Kg7 45. Ra7 Kg6 46. Ra6+ Kg7 {Precision: White = 55%, Black = 53%.} 1/2-1/2

[Event "3rd GRENKE Chess Open 2018"]
[Site "Karlsruhe"]
[Date "2018.04.02"]
[Round "9"]
[White "David, Alberto"]
[Black "Bakre, Tejas"]
[Result "1-0"]
[WhiteElo "2566"]
[BlackElo "2427"]
[Annotator "TA"]
[PlyCount "263"]
[EventDate "2018.??.??"]
[EventType "swiss"]
[EventCountry "GER"]
[SourceTitle "playchess.com"]
[Source "ChessBase"]
[SourceQuality "1"]

{[%evp 20,263,23,15,16,14,22,20,25,13,17,26,14,14,19,5,35,22,22,22,26,27,55,22,24,21,26,36,34,36,39,47,51,49,42,3,27,11,51,21,68,59,208,186,340,116,133,70,69,62,62,65,66,78,67,68,75,72,108,74,74,74,84,77,112,118,112,113,121,114,153,153,153,130,130,130,152,145,171,171,170,164,163,156,149,149,239,149,239,239,235,235,228,219,233,0,0,0,233,222,233,232,310,283,264,141,212,203,212,125,324,310,348,294,286,260,519,566,522,466,455,454,428,429,522,516,533,542,535,519,483,479,493,0,447,429,385,378,571,513,488,327,287,258,516,580,580,576,494,456,304,285,278,278,1856,90,1856,1856,1823,1856,1849,1816,1856,1863,1863,1863,1856,1856,1856,1856,1856,1856,1838,1838,1823,1823,1823,1816,1802,1772,1718,1680,1645,1612,1581,1338,29976,29977,29978,29976,29976,29977,29977,29976,29976,29974,29974,29967,29972,29969,29969,29969,29972,29973,29973,29971,29973,0,29974,7760,1513,0,29974,29975,29974,0,29976,29978,29976,29977,29982,29983,29983,29984,29989,29984,29984,29985,29985,29986,29988,29989,29989,29990,29990,29991,29993,29993,29993,29994,29995,29996,29996,29996,29997,5957]} 1. e4 c5 2. Nf3 d6 3. Bb5+ Bd7 4. c4 Nc6 5. d4 cxd4 6. Nxd4 g6 {B54: Sicilian: 2...d6 3 d4 cxd4 4 Nxd4, Unusual Lines} 7. Nc3 Bg7 8. Be3 Nf6 9. h3 O-O 10. O-O a6 (10... Rc8 11. Rc1 a6 12. Bxc6 Bxc6 {1-0 (60) Hou,Y (2663)-Nepomniachtchi,I (2719) Almaty 2016}) 11. Bxc6 {LiveBook: 11 Games} bxc6 12. c5 d5 13. e5 Ne4 $146 ({Predecessor:} 13... Ne8 14. f4 {1-0 (36) David,A (2565)-Bresciani,N (2226) Bratto 2014}) 14. Nxe4 dxe4 15. Qc2 Bxe5 16. Qxe4 Qc7 17. Rad1 Rad8 18. b3 Bxd4 19. Bxd4 Bf5 20. Qe2 Bc8 21. Be5 Qa5 22. Qe3 Rxd1 23. Rxd1 Rd8 24. Bd4 Qc7 25. Re1 $40 {[%mdl 128] White mounts an attack.} Rd7 26. Bc3 f6 27. h4 Kg7 28. h5 {And now h6+ would win.} Qd8 29. Qe4 Bb7 30. Re3 gxh5 ({Black should play} 30... Kf7 $14) 31. Qe6 {Hoping for Rg3+.} Kh8 $2 (31... Bc8 32. Qxc6 (32. Rg3+ Kh8 $16) 32... h4) 32. Rf3 $2 (32. f4 $18 {is the precise move to win.}) 32... Bc8 $16 {...Rd1+ is the strong threat.} 33. Qf7 (33. Qxc6 $16 Rd1+ 34. Kh2) 33... Qg8 $14 {[#]} ({But not} 33... Rd1+ $2 34. Kh2 $18) 34. Rxf6 $1 {[%mdl 512] Intending Rg6+ and mate.} Qxf7 (34... exf6 35. Bxf6+) 35. Rxf7+ {[%mdl 4096] Endgame KRB-KRB} Kg8 36. Rg7+ Kf8 37. Rxh7 Rd1+ 38. Kh2 Bg4 39. f3 Be6 40. Rxh5 {Threatens to win with Rh8+.} Rc1 41. Rh8+ Bg8 42. Bd4 Rd1 43. Be3 Ra1 44. Bg5 Kg7 45. Bxe7 Bd5 46. Rb8 Rxa2 47. Kg3 Rb2 48. Rb6 a5 49. Ra6 Rxb3 50. Rxa5 Rb2 51. Ra4 Kg6 52. Rg4+ Kf5 (52... Kf7 $16) 53. Rg5+ $1 $18 Ke6 54. Bd6 Rc2 55. Kf4 Rc4+ 56. Ke3 Rc2 57. Kf4 Rc4+ $1 58. Kg3 Rc2 59. Kh3 $1 Rc3 60. Re5+ Kf7 61. Re7+ Kg6 62. Rg7+ ({Only move:} 62. Be5 $1 $18 {[%cal Re5c3]} Rc1 63. Kh4) 62... Kf5 (62... Kf6 $16 {is a better defense.}) 63. Kh4 Kf6 {[#]} 64. Rg5 (64. Rg4 $1 $18) 64... Rc2 $2 (64... Rc1 $16 {might work better.} 65. Rg4 Rc4 66. Rxc4 Bxc4) 65. g4 Rf2 66. Rf5+ Kg6 67. Kg3 Rf1 $2 (67... Ra2 68. f4 Rg2+ 69. Kh3 Bf3 70. Rg5+ Kf6) 68. Be5 Rg1+ 69. Kf2 Rc1 70. Rf6+ Kh7 71. Bd4 Rd1 72. Ke3 Re1+ 73. Kf4 Rf1 74. Kg3 Rd1 75. Be5 Rg1+ 76. Kf2 Rc1 77. Rh6+ Kg8 78. g5 Rc2+ (78... Rxc5 {was worth a try.} 79. g6 Kf8 80. g7+ Ke8 81. Rh8+ Ke7) 79. Kg3 Re2 80. f4 Rg2+ 81. Kh3 Kf7 $2 (81... Be4 {was necessary.} 82. Rd6 Kf7 83. Rd7+ Kg8) 82. Rf6+ Kg8 83. g6 Be4 84. f5 {Strongly threatening Rd6.} Rg5 85. Kh4 Rxf5 {[#]} 86. Re6 $1 Rf1 $2 (86... Bd5 87. Re8+ Rf8) 87. Re8+ Rf8 88. Re7 Rf1 89. g7 {Threatening mate with Re8+.} Rh1+ 90. Kg3 {White threatens Re8+ and mate.} Bh7 91. Re8+ Kf7 92. Rf8+ Ke6 93. Bd4 Kd5 94. Bf2 Rh5 95. g8=Q+ Bxg8 96. Rxg8 {KRB-KR} Kc4 97. Rg4+ Kb5 98. Re4 Rf5 99. Rf4 Re5 100. Kf3 Re8 101. Be3 Rh8 102. Ke2 Rh3 103. Kd3 Rg3 104. Rf7 Ka6 105. Rc7 Rg6 106. Kc4 Re6 107. Bd4 Rh6 108. Rd7 Rh4 109. Rd8 Kb7 110. Rh8 Rg4 111. Rh7+ Ka6 112. Rg7 Rh4 113. Rc7 Rh6 114. Be5 (114. Kd3 $142 Rg6 115. Be5 Kb5 116. Bd6 Re6 117. Rb7+ Ka6 118. Rb6+ Ka5 119. Rxc6) 114... Rh4+ 115. Bd4 Rh6 116. Kd3 Re6 117. Be3 Rg6 $1 118. Bf4 {White mates.} Kb5 119. Bd6 Rg8 120. Rb7+ Ka5 121. Rb6 Rh8 122. Rxc6 Rh3+ 123. Ke4 Rh4+ 124. Kd5 Rh1 125. Be5 Rh5 126. Rc8 Ka6 127. c6 {[%cal Bc5c6,Bc6c7][%mdl 32]} Rh7 128. Ra8+ Kb6 129. Rb8+ Ka6 130. c7 Rd7+ 131. Kc6 {[%cal Rb8a8]} Ka7 132. Kxd7 {Precision: White = 66%, Black = 48%.} (132. c8=N+ $142 Ka6 133. Ra8+ Ra7 134. Rxa7#) 1-0

[Event "3rd GRENKE Chess Open 2018"]
[Site "Karlsruhe"]
[Date "2018.04.02"]
[Round "9"]
[White "Antal, Gergely"]
[Black "Bacrot, Etienne"]
[Result "1/2-1/2"]
[WhiteElo "2540"]
[BlackElo "2718"]
[Annotator "TA"]
[PlyCount "61"]
[EventDate "2018.??.??"]
[EventType "swiss"]
[EventCountry "GER"]
[SourceTitle "playchess.com"]
[Source "ChessBase"]
[SourceQuality "1"]

{[%evp 25,61,6,0,0,0,-2,38,36,31,31,38,41,37,41,36,31,31,31,53,44,44,19,66,71,70,62,65,23,25,20,20,2,0,0,0,0,0,0]} 1. e4 e5 2. Nf3 Nc6 3. Nc3 Nf6 4. d4 exd4 5. Nxd4 Bb4 6. Nxc6 bxc6 7. Bd3 d5 8. exd5 cxd5 9. O-O O-O 10. h3 {C47: Scotch Four Knights and Four Knights with 4 g3} (10. Bg5 c6 11. Na4 h6 12. Bh4 Re8 13. c4 dxc4 14. Bxc4 Qxd1 15. Rfxd1 g5 16. Bg3 Ne4 17. a3 Bf8 18. Rac1 Nxg3 19. hxg3 Rb8 20. b4 Bf5 21. Bd3 Bxd3 22. Rxd3 {½-½ (36) Artemiev,V (2691)-Carlsen,M (2837) Riadh 2017}) 10... c6 11. Qf3 Re8 12. Bf4 Qe7 13. a3 Bd6 {[#] LiveBook: 4 Games} 14. b4 $146 ({Predecessor:} 14. Ne2 c5 15. b3 Be6 16. Bxd6 Qxd6 17. Rad1 Qe7 {1-0 (58) Bacrot,E (2696)-Fressinet,L (2668) Balagna 2017}) 14... a5 15. b5 Bxf4 16. Qxf4 cxb5 17. Nxb5 {[#] Threatens to win with Nc7.} Qe5 18. Qxe5 Rxe5 19. Rab1 Re7 20. Nd4 Rc7 21. Rb6 Kf8 22. Rfb1 Bd7 23. Rb8+ Rc8 24. Rxa8 Rxa8 25. Rb7 Be8 26. Bb5 (26. f3 {feels hotter.} Nd7 27. Rb5 Nf6 28. Rc5 g6 29. Bb5) 26... a4 27. Bxe8 Nxe8 {The position is equal.} 28. Nb5 Rc8 29. c3 Rc6 30. f3 Nd6 31. Nxd6 {Precision: White = 69%, Black = 82%.} 1/2-1/2

[Event "3rd GRENKE Chess Open 2018"]
[Site "Karlsruhe"]
[Date "2018.04.02"]
[Round "9"]
[White "Malakhatko, Vadim"]
[Black "Andreikin, Dmitry"]
[Result "1/2-1/2"]
[WhiteElo "2536"]
[BlackElo "2712"]
[Annotator "TA"]
[PlyCount "50"]
[EventDate "2018.??.??"]
[EventType "swiss"]
[EventCountry "GER"]
[SourceTitle "playchess.com"]
[Source "ChessBase"]
[SourceQuality "1"]

{[%evp 16,50,13,5,16,24,14,3,10,0,29,0,0,-17,-18,-27,-28,-28,-22,-33,-14,-28,-22,-12,-12,-12,0,-21,-12,-22,-12,-12,0,-6,0,0,0]} 1. c4 e5 2. e3 Nf6 3. Nc3 Bb4 4. Nge2 O-O 5. a3 Bxc3 6. Nxc3 d5 {A22: English Opening: 1...e5 2 Nc3 Nf6} 7. cxd5 Nxd5 8. Qc2 (8. Qb3 Nxc3 9. bxc3 c5 10. Be2 Nc6 11. c4 b6 12. Bf3 Bb7 13. Qc3 Re8 14. Bd5 {½-½ (80) Laznicka,V (2647)-Kryvoruchko,Y (2689) Riadh 2017}) 8... Be6 9. Be2 {LiveBook: 3 Games} Nd7 {[%cal Bb8d7,Bd7b6,Bb6d5][%mdl 32]} 10. O-O c5 11. b3 $146 ({Find the theoretical novelty and annotate with similar games:} 11. Nxd5 Bxd5 12. d3 Qb6 13. e4 Bb3 14. Qc3 {1-0 (71) Strohhaeker,R (2427)-Zueger,B (2399) Germany 2015}) 11... Nxc3 12. Qxc3 f6 13. Bb2 Nb6 14. Rfd1 Rc8 15. Rab1 Nd5 16. Qc2 Qd7 17. Ba1 Rfd8 18. Rbc1 Bg4 19. Bxg4 {The position is equal.} Qxg4 20. h3 Qd7 21. Qe4 b5 22. Bc3 Rc6 23. d3 Qe6 24. Be1 f5 25. Qf3 Rdc8 {Precision: White = 61%, Black = 34%.} 1/2-1/2

[Event "3rd GRENKE Chess Open 2018"]
[Site "Karlsruhe"]
[Date "2018.04.02"]
[Round "9"]
[White "Lampert, Jonas"]
[Black "Gokerkan, Cem Kaan"]
[Result "1-0"]
[WhiteElo "2532"]
[BlackElo "2408"]
[Annotator "TA"]
[PlyCount "73"]
[EventDate "2018.??.??"]
[EventType "swiss"]
[EventCountry "GER"]
[SourceTitle "playchess.com"]
[Source "ChessBase"]
[SourceQuality "1"]

{[%evp 14,73,36,36,36,45,45,31,43,28,49,26,54,54,62,42,50,56,46,9,27,9,27,-8,0,0,45,45,29,-16,-20,-23,0,17,11,17,13,22,5,10,25,20,79,81,90,81,81,81,81,90,88,-26,242,245,668,59,72,-329,29989,29990,29990,29991]} 1. d4 Nf6 2. c4 g6 3. Nc3 Bg7 4. e4 d6 5. Be2 O-O 6. Be3 c5 7. d5 e6 8. Nf3 {LiveBook: 40 Games. E73: King's Indian: Averbakh Variation without 6...c5} Re8 (8... exd5 9. cxd5 Bg4 10. Nd2 Bxe2 11. Qxe2 Re8 12. f3 Nbd7 13. a4 Qb6 14. Nc4 Qa6 15. Nb5 Ne5 16. Nbxd6 Nxc4 17. Nxc4 Nxd5 18. exd5 {½-½ (61) Buhmann,R (2584)-Fedorov,A (2573) Katowice 2017}) 9. Nd2 Na6 10. O-O {White is slightly better.} Nc7 11. a4 b6 12. Re1 exd5 13. cxd5 Rb8 $146 ({Predecessor:} 13... Ba6 14. Bg5 Qd7 15. Bxa6 Nxa6 {1-0 (34) Danner,G (2312)-Prato,S (2071) Graz 2017}) 14. Bf4 a6 15. Bf3 b5 $1 16. axb5 axb5 17. Rc1 Bb7 18. b4 c4 19. Nf1 Ra8 20. Qd2 Ra3 21. e5 dxe5 22. Bxe5 {[#]} Rxe5 $1 {[%mdl 512]} 23. Rxe5 {Hoping for d6.} Ng4 24. Ree1 Ne5 25. Rxe5 Bxe5 26. d6 $1 {[%cal Rd6c7]} Rxc3 27. Rxc3 Nd5 (27... Bc8 $11 {remains equal.}) 28. Rc1 $1 $16 Qxd6 29. Rd1 {[%cal Rf3d5]} c3 30. Qa2 $36 {[%mdl 2048] White is really pushing.} Nxb4 31. Qb3 Bd4 {[#] Threatens to win with ...Bxf3.} 32. Bxb7 (32. Qxc3 $1 $16 {[%mdl 512]} Bxc3 33. Rxd6 Bxf3 34. gxf3) 32... Qf4 $2 {[%mdl 8192]} (32... c2 $11 {and Black stays safe.} 33. Rc1 Bxf2+ 34. Kh1 Bc5) 33. Ne3 $18 Bxe3 $2 (33... c2) 34. fxe3 $2 (34. Rd8+ $18 Kg7 35. Qxc3+ (35. fxe3 Qxe3+ 36. Kf1 Qf4+ 37. Bf3 c2 $16) 35... Kh6 36. fxe3) 34... Qxe3+ $14 {[#]} 35. Kh1 $2 {[%mdl 8192]} (35. Kf1 $1 $16 Qf4+ 36. Bf3) 35... c2 $4 {[%mdl 8192]} (35... Nd3 $19 36. g3 Qe2) 36. Rd8+ (36. Qxe3 $2 {perishes.} cxd1=Q+ 37. Qg1 Qd2 $19) 36... Kg7 37. Qxe3 {Precision: White = 42%, Black = 46%.} 1-0

[Event "3rd GRENKE Chess Open 2018"]
[Site "Karlsruhe"]
[Date "2018.04.02"]
[Round "9"]
[White "Schneider, Ilja"]
[Black "Wenninger, Philipp"]
[Result "1/2-1/2"]
[WhiteElo "2513"]
[BlackElo "2364"]
[Annotator "TA"]
[PlyCount "61"]
[EventDate "2018.??.??"]
[EventType "swiss"]
[EventCountry "GER"]
[SourceTitle "playchess.com"]
[Source "ChessBase"]
[SourceQuality "1"]

{[%evp 9,61,11,14,12,11,11,11,9,4,17,18,18,37,15,19,28,28,24,20,23,16,27,21,25,33,0,0,0,0,0,0,0,0,0,0,0,0,0,0,0,0,0,0,0,0,0,0,0,0,0,0,0,0,0]} 1. d4 d5 2. c4 c6 3. cxd5 cxd5 4. Bg5 h6 5. Bh4 Bf5 (5... Qb6 6. Nc3 e5 7. Nf3 Nc6 8. e3 exd4 9. Nxd4 Qxb2 10. Nxd5 Bb4+ 11. Nxb4 Qc3+ {0-1 (20) Mamedyarov,S (2809)-Andreikin,D (2712) Moscow 2018}) 6. Nc3 {D10: Slav Defence: 3 cxd5 (without early Nf3) and 3 Nc3} Nc6 7. e3 Qd7 $146 ({Predecessor:} 7... Qb6 8. Bb5 e6 9. Nge2 Nge7 10. O-O g5 11. Bg3 Bg7 {0-1 (52) Dale,A (2390)-Zelesco,K (2361) Melbourne 2017}) 8. Nf3 e6 9. Bb5 {White wants to play Ne5.} f6 10. Bg3 Bd6 11. Bxd6 Qxd6 12. Nh4 Bh7 13. Qh5+ Kf8 14. Ng6+ Bxg6 $1 15. Qxg6 f5 16. Rc1 Rc8 17. Qg3 (17. O-O {feels hotter.} Nge7 18. Qh5 a6 19. Bxc6 g6 20. Qe2) 17... Qxg3 {The position is equal.} 18. hxg3 Nf6 19. Ke2 Ke7 20. Na4 Nd7 (20... Na5 {is interesting.} 21. f3 Nc4 22. Bxc4 dxc4 23. b3 cxb3 24. axb3 Rhd8) 21. Bxc6 (21. Nc5 {looks sharper.} Nxc5 22. Rxc5 Kd6 23. Rhc1 Ne7 24. Kd2) 21... Rxc6 22. Rxc6 bxc6 $11 {[%mdl 4096] Endgame KRN-KRN} 23. Rc1 Kd6 24. b3 Rc8 25. Kd3 e5 26. Nc5 e4+ 27. Ke2 Rb8 28. Na4 Nb6 {[#] Threatens to win with ...Nxa4.} 29. Nc5 Nd7 30. Na4 Nb6 {And now ...Nxa4 would win.} 31. Nc5 {Precision: White = 76%, Black = 92%.} 1/2-1/2

[Event "3rd GRENKE Chess Open 2018"]
[Site "Karlsruhe"]
[Date "2018.04.02"]
[Round "9"]
[White "Valsecchi, Alessio"]
[Black "Chernov, Vadim"]
[Result "1-0"]
[WhiteElo "2510"]
[BlackElo "2407"]
[Annotator "TA"]
[PlyCount "59"]
[EventDate "2018.??.??"]
[EventType "swiss"]
[EventCountry "GER"]
[SourceTitle "playchess.com"]
[Source "ChessBase"]
[SourceQuality "1"]

{[%evp 17,59,46,40,16,38,42,47,50,56,43,45,42,65,12,52,43,72,62,62,79,71,77,122,114,145,147,143,137,133,118,164,155,165,77,189,194,267,267,266,270,262,260,290,282]} 1. d4 Nf6 2. Nc3 d6 3. e4 e5 4. Nf3 exd4 5. Nxd4 Be7 6. g3 O-O 7. Bg2 {C41: Philidor Defence} Re8 8. O-O Bg4 (8... Bf8 9. h3 Nbd7 10. Re1 c5 11. Nf5 Ne5 12. Bg5 h6 13. Bxf6 Qxf6 14. Nd5 Qd8 {½-½ (32) Oparin,G (2602)-Mamedyarov,S (2799) Moscow 2017}) 9. f3 Bd7 {LiveBook: 5 Games} 10. b3 Nc6 11. Nde2 Bf8 $146 ({Predecessor:} 11... Qc8 12. Nf4 Bf8 13. Bb2 Ne5 14. Qd2 Ng6 {0-1 (34) Plachetka,J-Espig,L Dresden 1969}) 12. Bb2 g6 13. Qd2 Bg7 14. Rad1 a5 15. h3 (15. a4 $14) 15... Nb4 (15... a4 $5) 16. g4 h5 {[%cal Rh5g4]} 17. g5 Nh7 18. a3 Nxg5 19. axb4 axb4 20. Na4 $1 Nxh3+ 21. Bxh3 Bxh3 22. Bxg7 Kxg7 23. Rf2 Bd7 24. Qxb4 Qg5+ 25. Kh1 (25. Kf1 $18 {and White stays clearly on top.}) 25... b5 (25... Qh4+ $16 26. Kg1 (26. Rh2 Qf6 $14) 26... Qg5+ 27. Kf1 b5) 26. Qd4+ $18 Kg8 (26... Qe5 $142) 27. Nac3 {And now Nd5 would win.White has a decisive advantage.} Bc6 28. Rg1 Qe5 29. Rfg2 Kg7 30. Rg5 {Precision: White = 82%, Black = 16%.} 1-0